00659cam a22002052 4500001001100000005001700011008004100028020002800069040001500097050002100112100003100133245008200164250001300246260005300259300002100312500002000333650002700353650004400380700002900424000000395720151217145746.0070517s xx 000 0 eng d a013009479X :cKES 4,470 aKABUcKABU 0aQA76b.L576 20021 aLong, Larry E.@000015422910aComputers :binformation technology in perspective /cLarry Long, Nancy Long. a10th ed. aUpper Saddle River, NJ :bPrentice Hall,cc2002. a495 p. ;c28 cm. aIncludes index. 0aComputers.@0000153924 0aElectronic data processing.@00000143481 aLong, Nancy.@0000154230